Revista del Archivo Histórico del Cuzco / (Record no. 21876)

000 -CABECERA
fixed length control field 02277nam a22003137a 4500
003 - IDENTIFICADOR DEL NÚMERO DE CONTROL
control field AR-CdUCM
008 - DATOS DE LONGITUD FIJA--INFORMACIÓN GENERAL
fixed length control field 190425b ||||| |||| 00| 0 spa d
040 ## - FUENTE DE LA CATALOGACIÓN
Agencia/entidad que catalogó originalmente la obra MUNICIPALIDAD PROVINCIAL DEL CUSCO
Entidad que transcribió la catalogación BIBLIOTECA MUNICIPAL DEL CUSCO
082 ## - NÚMERO DE LA CLASIFICACIÓN DECIMAL DEWEY
No. de Clasificación Rev.AHC/N°5/1954
110 ## - ENTRADA PRINCIPAL--NOMBRE DE ENTIDAD CORPORATIVA
Nombre de la institución, jurisdicción como entrada principal Archivo Regional del Cusco
9 (RLIN) 46600
245 ## - MENCIÓN DE TÍTULO
Título Revista del Archivo Histórico del Cuzco /
Mención de responsabilidad Universidad Nacional del Cuzco
260 ## - PUBLICACIÓN, DISTRIBUCIÓN, ETC.
Lugar de publicación, distribución, etc. Cusco :
Nombre de la editorial, distribuidor, etc. El Comercio,
Fecha de publicación, distribución, etc. 1954.
300 ## - DESCRIPCIÓN FÍSICA
Nº de Páginas Extensión 426 páginas. :
Otros detalles físicos ilustraciones ;
Dimensiones 21 cm.
440 ## - MENCIÓN DE SERIE/PUNTO DE ACCESO ADICIONAL--TÍTULO
Título Revista del Archivo Histórico.
Número de la parte/sección de una obra Año V, 1954, N°5.
9 (RLIN) 46615
505 ## - NOTA DE CONTENIDO CON FORMATO
Nota de contenido formateada Contenido: Esclavos varias escrituras sobre comercio de esclavos. Decreto de Tungasuca. Decreto de abolición. -- Documentos referentes a la Revolución de 1780. -- Arte Cuzqueño IV. -- Jurisdicción del Cuzco 1596. -- Mercaderías 1645. -- Cuatro testamentos Isabel Suárez o Chimpu Ocllo, Phelipe Tupa Amaro Betancur y Arbieto, José Agustín Chacón y Becerra, Joseph Portilla y Gálvez. -- Gran Mariscal don Ramón Castilla y Marquezado. -- Vencedores de Ayacucho 1825. -- Sobre libertad de imprenta 1826. -- ¿Bolognesi o Boloñesi? 1842. -- Homenaje monumental a Tupac Amaru. -- De la vida colonial en el siglo XVII 271 fichas y documentos de primera noticia. -- Galería de Cuzqueños ilustres. -- Oro y plata del Perú. 1534. -- Papeles coloniales 18 documentos varios. -- Doctor don Diego Esquivel y Navia. Poder, testamento, inventario. -- Único hijo del Mariscal Gamarra, tres escrituras. -- Últimos días virreinales, veinte documentos diversos. -- El sentido libertario de la Revolución de Tupac Amaru primer Congreso Nacional de Historia del Perú. -- Archivo del Colegio Nacional del Ciencias (continuación).
650 ## - PUNTO DE ACCESO ADICIONAL DE MATERIA--TÉRMINO DE MATERIA
Descriptor Documentos históricos
9 (RLIN) 1122
650 ## - PUNTO DE ACCESO ADICIONAL DE MATERIA--TÉRMINO DE MATERIA
Descriptor Patrimonio documental
9 (RLIN) 44090
650 ## - PUNTO DE ACCESO ADICIONAL DE MATERIA--TÉRMINO DE MATERIA
Descriptor Historia del Cusco
9 (RLIN) 1714
650 ## - PUNTO DE ACCESO ADICIONAL DE MATERIA--TÉRMINO DE MATERIA
Descriptor Época colonial
9 (RLIN) 46611
650 ## - PUNTO DE ACCESO ADICIONAL DE MATERIA--TÉRMINO DE MATERIA
Descriptor Archivo del Colegio Ciencias
9 (RLIN) 46612
650 ## - PUNTO DE ACCESO ADICIONAL DE MATERIA--TÉRMINO DE MATERIA
Descriptor Arte colonial
9 (RLIN) 13403
650 ## - PUNTO DE ACCESO ADICIONAL DE MATERIA--TÉRMINO DE MATERIA
Descriptor Arte cusqueño
9 (RLIN) 13165
650 ## - PUNTO DE ACCESO ADICIONAL DE MATERIA--TÉRMINO DE MATERIA
Descriptor Levantamientos andinos
9 (RLIN) 44095
700 ## - PUNTO DE ACCESO ADICIONAL--NOMBRE DE PERSONA
Nombre Personal Cornejo Bouroncle, Jorge
9 (RLIN) 15278
700 ## - PUNTO DE ACCESO ADICIONAL--NOMBRE DE PERSONA
Nombre Personal Covarrubias Pozo, Jesús
9 (RLIN) 46044
942 ## - ELEMENTOS DE PUNTO DE ACCESO ADICIONAL (KOHA)
Fuente de clasificación
Tipo de item Revistas cusqueñas
945 ## - PROCESAMIENTO DE INFORMACIÓN LOCAL (OCLC)
Catalogador rac
Holdings
Estado de retiro (separado) Fuente de clasificación o esquema de estanterías Estado dañado Ubicación Sala donde se ubica Nombre de la colección Fecha de adquisición o compra Costo, precio normal en soles Signatura topográfica Código de Barras Última vez visto (Koha) Tipo de ítem (Koha)
No     Sala Hemeroteca Sala Hemeroteca Book Cart 2021-09-06 10.00 Rev.AHC/N°5/1954 REVC000384 2021-09-06 Revistas cusqueñas
No     Sala Hemeroteca Sala Hemeroteca Book Cart 2021-09-06 10.00 Rev.AHC/N°5/1954/e.2 REVC000385 2021-09-06 Revistas cusqueñas

Powered by Koha